L'Omerida italico (Record no. 181026)
[ view plain ]
| 000 -LEADER | |
|---|---|
| campo de control de longitud fija | 01231nam a2200313 i 4500 |
| 001 - NÚMERO DE CONTROL | |
| campo de control | 181026 |
| 003 - IDENTIFICADOR DE NÚMERO DE CONTROL | |
| campo de control | ES-MaACL |
| 005 - FECHA Y HORA DE LA ÚLTIMA TRANSACCIÓN | |
| campo de control | 20231004122556.0 |
| 008 - DATOS DE LONGITUD FIJA--INFORMACIÓN GENERAL | |
| campo de control de longitud fija | 121002s2010 it |||| | ita d |
| 020 ## - NÚMERO INTERNACIONAL ESTÁNDAR DEL LIBRO | |
| Número Internacional Estándar del Libro | 9788895996240 |
| 080 ## - NÚMERO DE LA CLASIFICACIÓN DECIMAL UNIVERSAL | |
| Número de la Clasificación Decimal Universal | 821.131.1-1"15" |
| 100 1# - ENTRADA PRINCIPAL--NOMBRE DE PERSONA | |
| Nombre de persona | Vitale, Maurizio. |
| 9 (RLIN) | 115504 |
| 245 12 - MENCIÓN DEL TÍTULO | |
| Título | L'Omerida italico |
| Resto del título | : Gian Giorgio Trissino : appunti sulla lingua dell "Italia liberata da' Gotthi" / |
| Mención de responsabilidad, etc. | Maurizio Vitale. |
| 260 ## - PUBLICACIÓN, DISTRIBUCIÓN, ETC. | |
| Lugar de publicación, distribución, etc. | Venezia : |
| Nombre del editor, distribuidor, etc. | Istituto Veneto di Scienze, Lettere ed Arti, |
| Fecha de publicación, distribución, etc. | 2010. |
| 300 ## - DESCRIPCIÓN FÍSICA | |
| Extensión | XIII, 254 p. ; |
| Dimensiones | 24 cm. |
| 490 1# - MENCIÓN DE SERIE | |
| Mención de serie | Memorie. Classe di scienze morali, lettere ed arti ; |
| Designación de volumen o secuencia | 134 |
| 500 ## - NOTA GENERAL | |
| Nota general | Apéndice. |
| 500 ## - NOTA GENERAL | |
| Nota general | Índices. |
| 504 ## - NOTA DE BIBLIOGRAFÍA, ETC. | |
| Nota de bibliografía, etc. | Bibliografía: p. [229]-238. |
| 600 14 - PUNTO DE ACCESO ADICIONAL DE MATERIA--NOMBRE DE PERSONA | |
| Nombre de persona | Trissino, Gian Giorgio ( |
| Fechas asociadas al nombre | 1478-1550) |
| 9 (RLIN) | 151536 |
| 700 1# - ENTRADA AGREGADA--NOMBRE PERSONAL | |
| Nombre de persona | Trissino, Gian Giorgio ( |
| Fechas asociadas al nombre | 1478-1550) |
| 9 (RLIN) | 151536 |
| 710 2# - ENTRADA AGREGADA--NOMBRE DE ENTIDAD CORPORATIVA | |
| Nombre de entidad corporativa o nombre de jurisdicción como elemento de entrada | Istituto Veneto di Scienze, Lettere ed Arti. |
| 9 (RLIN) | 5304 |
| 830 0# - PUNTO DE ACCESO ADICIONAL DE SERIE-TÍTULO UNIFORME | |
| Título uniforme | Memorie. Classe di scienze morali, lettere ed arti ; |
| Designación de volumen o secuencia | 134 |
| 9 (RLIN) | 184759 |
| 852 ## - LOCALIZACIÓN | |
| Ubicación | ES-MaACL |
| Número de control de estantería | A-12242 |
| itemnumber | 187909 |
| Sublocalización o colección | R.147090 |
| Ubicación en estantería | Depósito 1 |
| Signatura antigua | Olim: N-5247 |
| Encuadernación | Donación: R.A.E |
| 912 ## - NOMBRE ENTIDAD DE POSESOR | |
| RLIN | 6336 |
| Nombre de congreso/reunión o jurisdicción como elemento de entrada | Real Academia Española |
| 942 ## - ELEMENTOS DE ENTRADA SECUNDARIOS (KOHA) | |
| Fuente del sistema de clasificación o colocación | Clasificación decimal universal |
| Tipo de ítem Koha | Libro impreso |
| Estatus retirado | Estado de pérdida | Fuente del sistema de clasificación o colocación | Estado de daño | No para préstamo | Biblioteca de origen | Biblioteca actual | Ubicación en estantería | Fecha de adquisición | Fuente de adquisición | Total de préstamos | Signatura topográfica completa | Código de barras | Visto por última vez | Precio de reemplazo | Tipo de ítem Koha |
|---|---|---|---|---|---|---|---|---|---|---|---|---|---|---|---|
| Clasificación decimal universal | Biblioteca del Ateneo de Madrid | Biblioteca del Ateneo de Madrid | Depósito 1 | 02/10/2012 | Donación | A-12242 | 1190236 | 23/02/2023 | 23/02/2023 | Libro impreso |
